000 00417pab a2200169 454500
008 180718b2005 xxu||||| |||| 00| 0 eng d
100 _aBalan, S.
245 _aChallenges and opportunities of global supply chain management
260 _c2005
300 _ap.86-92.
362 _aApr-Jun
650 _aManagement
700 _aPradeep Kumar
700 _aVrat, Prem
773 _aProductivity
909 _a69699
999 _c69699
_d69699